000 00333nam a22001337a 4500
020 _a0596002904
082 _222
_a005.8
100 _aPotter, Bruce and Fleck, Bob.
245 _a802. 11 Security /
250 _a1st.
260 _aUSA,
_bO'Reilly and Associates,
_cc2003.
300 _axiii, 176p. ;
_bill. ;
_c23 cm.
942 _2ddc
_cIT
999 _c1310
_d1310